000 00847nam a22002177a 4500
999 _c1536
_d1536
003 AR-CdUCM
008 190227b ||||| |||| 00| 0 spa d
020 _a8482801503
040 _aMUNICIPALIDAD PROVINCIAL DEL CUSCO
_cBIBLIOTECA MUNICIPAL DEL CUSCO
082 _a808.81 /
_bAL47
100 _aAlvar, Manuel
_95782
245 _aRomancero /
260 _aBogotá :
_bLa ovega negra,
_c1983.
300 _a181 páginas ;
_c20 cm.
440 _aHistoria universal de la literatura,
_n50.
_95783
505 _aContenido: Romances de la historia clásica -- Romances del rey Don Rodrigo y la pérdida de España -- Romances de Bernardo del Carpio -- Romances del conde Fernán Gonzales -- Romances de los 7 infantes de Lara ...
650 _aRomances en al historia
_95784
650 _aColecciones
_9607
942 _2ddc
_cLIBROS
945 _azta